000 01088cam a22003377a 4500
003 CHAP
005 20220329141106.0
008 971013s1992 r 00010 d
010 _a62465
011 _a63437
035 _a67613
040 _cCHAP
082 _a636.0882
_bT7 v.4
110 _aArandino Herramientas y Arados de los Andes. Cali, Colombia
_96513
245 1 3 _aEl arado multiusos
_b: manual del operario
260 _aCali, Colombia :
_bFundación Carvajal,
_c1992
300 _a25 h.
_b: ilus.
500 _aFotocopia
590 _aBATCH-UPD
_b10
_c20130110
_lUCH01
_h0602
590 _aBATCH-UPD
_b10
_c20130410
_lUCH01
_h0244
590 _aBATCH-UPD
_b10
_c20130914
_lUCH01
_h1111
590 _aCONVERSION
_b10
_c20130109
_lUCH01
_h1334
650 1 4 _aArados.
_96417
650 1 4 _aEnergía animal.
_936889
650 1 4 _aMecanización agrícola.
_973801
700 0 _aCucuyame, Otoniel.
_930009
901 _aBK
942 _cFOLL
949 _a636.0882 T7 v.4
_bBC
_cESP
_d33724000683942
_eESP
_h92178
_i67613
_sb
949 _aFolleto 14874
_bBC
_cFOLL
_d-153002
_eTS1
_i67613
_sb
999 _c62465
_d62465